[Event "21. Open Cappelle la Grande"]
[Site "Cappelle la Grande FRA"]
[Date "2005.02.15"]
[Round "5"]
[White "Emmenecker, Philippe"]
[Black "Michalczak, Thomas"]
[Result "1/2-1/2"]
[WhiteElo "2163"]
[BlackElo "2376"]
[PlyCount "49"]
[EventDate "2005.02.12"]
[EventType "swiss"]
[EventRounds "9"]
[EventCountry "FRA"]
[Source "lmi"]
[SourceDate "2005.02.18"]

1. d4 Nf6 2. c4 e6 3. Nf3 d5 4. Nc3 Nbd7 5. Bg5 c6 6. e3 Qa5 7. cxd5 Nxd5 8.
Qd2 N7b6 9. Bd3 Bb4 10. O-O Nxc3 11. a3 Ne4 12. axb4 Qxa1 13. Bxe4 Qa2 14. Ne5
Nd5 15. Qc2 h6 16. Bh4 Qa6 17. Bxd5 exd5 18. f4 Qb6 19. f5 Qxb4 20. Qe2 Qd6 21.
Qh5 Qc7 22. Bg3 Qe7 23. Bh4 Qc7 24. Bg3 Qe7 25. Bh4 1/2-1/2

[Event "21. Open Cappelle la Grande"]
[Site "Cappelle la Grande FRA"]
[Date "2005.02.15"]
[Round "5"]
[White "Frois, Antonio"]
[Black "Totsky, Leonid"]
[Result "0-1"]
[WhiteElo "2349"]
[BlackElo "2515"]
[PlyCount "76"]
[EventDate "2005.02.12"]
[EventType "swiss"]
[EventRounds "9"]
[EventCountry "FRA"]
[Source "lmi"]
[SourceDate "2005.02.18"]

1. e4 e6 2. d3 d5 3. Nd2 Nf6 4. Ngf3 b6 5. g3 dxe4 6. dxe4 Bb7 7. Qe2 Nc6 8. a3
e5 9. Bg2 a5 10. O-O Bc5 11. Nb3 Ba6 12. c4 Bd6 13. a4 O-O 14. Rd1 Nd7 15. Bg5
f6 16. Be3 Qe7 17. Nh4 Qf7 18. Bf1 Nc5 19. Nd2 g6 20. Nhf3 Rad8 21. b3 Rfe8 22.
Bg2 Nxb3 23. Rab1 Nc5 24. Bxc5 Bxc5 25. Bf1 Nd4 26. Nxd4 Rxd4 27. Rbc1 Bb4 28.
Nf3 Rdd8 29. Nh4 Bc5 30. Ng2 Bb7 31. h4 Rd4 32. Ne3 Bxe4 33. Bg2 Bxg2 34. Nxg2
Red8 35. Rxd4 Rxd4 36. h5 Qd7 37. Rc2 Qg4 38. hxg6 hxg6 0-1

[Event "21. Open Cappelle la Grande"]
[Site "Cappelle la Grande FRA"]
[Date "2005.02.15"]
[Round "5"]
[White "Georgiev, Krum"]
[Black "Froeyman, Helmut"]
[Result "1/2-1/2"]
[WhiteElo "2456"]
[BlackElo "2316"]
[PlyCount "48"]
[EventDate "2005.02.12"]
[EventType "swiss"]
[EventRounds "9"]
[EventCountry "FRA"]
[Source "lmi"]
[SourceDate "2005.02.18"]

1. e4 e5 2. Nf3 Nc6 3. Bb5 a6 4. Bxc6 dxc6 5. d4 exd4 6. Qxd4 Qxd4 7. Nxd4 Bd7
8. Nc3 O-O-O 9. Be3 Bd6 10. O-O-O Ne7 11. Nb3 Kb8 12. h4 h5 13. Nc5 Bc8 14. Nd3
Ng6 15. Kb1 Rde8 16. f3 b6 17. Bf2 Kb7 18. Rde1 f6 19. Ne2 f5 20. Ng3 fxe4 21.
Nxe4 Bf5 22. Bd4 Bxe4 23. Rxe4 Rxe4 24. fxe4 Re8 1/2-1/2

[Event "21. Open Cappelle la Grande"]
[Site "Cappelle la Grande FRA"]
[Date "2005.02.15"]
[Round "5"]
[White "Gerard, Nicolas"]
[Black "Israel, Gregory"]
[Result "1-0"]
[WhiteElo "2329"]
[BlackElo "2149"]
[PlyCount "39"]
[EventDate "2005.02.12"]
[EventType "swiss"]
[EventRounds "9"]
[EventCountry "FRA"]
[Source "lmi"]
[SourceDate "2005.02.18"]

1. d4 Nf6 2. c4 e6 3. Nc3 Bb4 4. e3 Nc6 5. Bd3 e5 6. Nge2 d5 7. O-O exd4 8.
Nxd4 Nxd4 9. exd4 O-O 10. Bg5 dxc4 11. Bxc4 Bxc3 12. bxc3 Qd6 13. Qf3 Ng4 14.
Bf4 Qb6 15. Rab1 Qa5 16. Rfe1 Nf6 17. Be5 Ng4 18. Bd6 cxd6 19. Qxf7+ Rxf7 20.
Re8# 1-0

[Event "21. Open Cappelle la Grande"]
[Site "Cappelle la Grande FRA"]
[Date "2005.02.15"]
[Round "5"]
[White "Goldsztejn, Gildas"]
[Black "Bobras, Piotr"]
[Result "0-1"]
[WhiteElo "2359"]
[BlackElo "2481"]
[PlyCount "74"]
[EventDate "2005.02.12"]
[EventType "swiss"]
[EventRounds "9"]
[EventCountry "FRA"]
[Source "lmi"]
[SourceDate "2005.02.18"]

1. Nf3 Nf6 2. c4 g6 3. Nc3 Bg7 4. e4 c5 5. d4 cxd4 6. Nxd4 O-O 7. Be2 Nc6 8.
Be3 d6 9. O-O Bd7 10. Qd2 Nxd4 11. Bxd4 Bc6 12. f3 a5 13. Rfd1 Nd7 14. Be3 Nc5
15. Rac1 Qb6 16. b3 Rfc8 17. Rc2 a4 18. Rb1 axb3 19. axb3 Nxb3 20. Qd3 Qxe3+
21. Qxe3 Bd4 22. Qxd4 Nxd4 23. Rd2 Ne6 24. Nd5 Bxd5 25. Rxd5 Ra7 26. Bf1 Rc5
27. Rb5 f6 28. g3 Rxd5 29. cxd5 Nd4 30. Rb4 Nxf3+ 31. Kf2 Nxh2 32. Bh3 h5 33.
Be6+ Kg7 34. Rb2 Ng4+ 35. Kg2 Ne5 36. Rc2 b5 37. Rc8 Rb7 0-1

[Event "21. Open Cappelle la Grande"]
[Site "Cappelle la Grande FRA"]
[Date "2005.02.15"]
[Round "5"]
[White "Guez, Fabien"]
[Black "Colin, Vincent"]
[Result "0-1"]
[WhiteElo "2177"]
[BlackElo "2402"]
[PlyCount "70"]
[EventDate "2005.02.12"]
[EventType "swiss"]
[EventRounds "9"]
[EventCountry "FRA"]
[Source "lmi"]
[SourceDate "2005.02.18"]

1. e4 e5 2. Nf3 Nc6 3. Bb5 a6 4. Ba4 Nf6 5. O-O b5 6. Bb3 Be7 7. Re1 d6 8. c3
O-O 9. h3 Bb7 10. d4 Re8 11. Nbd2 Bf8 12. Ng5 Re7 13. Ndf3 exd4 14. cxd4 Qe8
15. Bc2 Nb4 16. Bb1 Nxe4 17. Nxe4 Bxe4 18. Bxe4 Rxe4 19. Rxe4 Qxe4 20. Ng5 Qg6
21. Qb3 c5 22. dxc5 dxc5 23. Bd2 Rd8 24. Bxb4 Qxg5 25. Ba5 Rc8 26. Rd1 Qf5 27.
Rd5 Qg6 28. Qd1 h6 29. a3 Be7 30. Bc3 Rc6 31. Re5 Qd6 32. Qf3 Bf6 33. Re8+ Kh7
34. Qf5+ g6 35. Bxf6 gxf5 0-1

[Event "21. Open Cappelle la Grande"]
[Site "Cappelle la Grande FRA"]
[Date "2005.02.15"]
[Round "5"]
[White "Jakubowski, Krzysztof"]
[Black "Radulov, Ivan"]
[Result "1-0"]
[WhiteElo "2488"]
[BlackElo "2340"]
[PlyCount "37"]
[EventDate "2005.02.12"]
[EventType "swiss"]
[EventRounds "9"]
[EventCountry "FRA"]
[Source "lmi"]
[SourceDate "2005.02.18"]

1. e4 e5 2. Nf3 Nc6 3. Bc4 Be7 4. O-O Nf6 5. Re1 O-O 6. d4 d6 7. d5 Nb8 8. b4
a5 9. bxa5 Rxa5 10. Nfd2 Nbd7 11. Nb3 Ra8 12. a4 Nb6 13. Bb5 Bd7 14. Bxd7 Qxd7
15. a5 Na4 16. Qd3 c5 17. Na3 Rfc8 18. c4 Bd8 19. Bd2 1-0

[Event "21. Open Cappelle la Grande"]
[Site "Cappelle la Grande FRA"]
[Date "2005.02.15"]
[Round "5"]
[White "Kaabi, Mejdi"]
[Black "Rozentalis, Eduardas"]
[Result "0-1"]
[WhiteElo "2365"]
[BlackElo "2584"]
[PlyCount "132"]
[EventDate "2005.02.12"]
[EventType "swiss"]
[EventRounds "9"]
[EventCountry "FRA"]
[Source "lmi"]
[SourceDate "2005.02.18"]

1. d4 Nf6 2. c4 e6 3. Nf3 Nc6 4. g3 Bb4+ 5. Bd2 Qe7 6. Bg2 Bxd2+ 7. Nbxd2 d6 8.
O-O O-O 9. e4 e5 10. d5 Nb8 11. b4 a5 12. a3 Na6 13. Rb1 axb4 14. axb4 c5 15.
dxc6 bxc6 16. Ne1 Bg4 17. f3 Be6 18. Qe2 c5 19. b5 Nb4 20. Rb2 Nd7 21. Nc2 Nxc2
22. Rxc2 Nb6 23. Qd3 Ra4 24. Rfc1 g6 25. Bf1 f5 26. Rc3 f4 27. g4 h5 28. h3
Rfa8 29. R3c2 Kf7 30. Rc3 Ra2 31. R3c2 R8a3 32. Rxa2 Rxa2 33. Rd1 Ra4 34. Qc3
Qa7 35. Rb1 Ke7 36. Kf2 Ra3 37. Rb3 Ra1 38. Be2 Qa4 39. Bd3 Ra2 40. Rb2 Ra3 41.
Rb3 Rxb3 42. Nxb3 Bxc4 43. Nxc5 Qxb5 44. Nb7 Kd7 45. Bc2 Qc6 46. Na5 Qc5+ 47.
Ke1 Bg8 48. Qxc5 dxc5 49. gxh5 gxh5 50. h4 Kd6 51. Kd2 c4 52. Kc3 Kc5 53. Nb7+
Kc6 54. Na5+ Kb5 55. Nb7 Nc8 56. Nd8 Ne7 57. Nb7 Ng6 58. Nd6+ Kc5 59. Nf5 Be6
60. Ba4 Bxf5 61. exf5 Ne7 62. Bc2 Nd5+ 63. Kd2 Kd4 64. Be4 Nf6 65. Ke2 Nxe4 66.
fxe4 Kc5 0-1

[Event "21. Open Cappelle la Grande"]
[Site "Cappelle la Grande FRA"]
[Date "2005.02.15"]
[Round "5"]
[White "Kovchan, Alexander"]
[Black "Feller, Sebastien"]
[Result "1-0"]
[WhiteElo "2485"]
[BlackElo "2191"]
[PlyCount "111"]
[EventDate "2005.02.12"]
[EventType "swiss"]
[EventRounds "9"]
[EventCountry "FRA"]
[Source "lmi"]
[SourceDate "2005.02.18"]

1. e4 c5 2. Nf3 e6 3. d4 cxd4 4. Nxd4 a6 5. Nc3 Qc7 6. Bd3 Nc6 7. Nxc6 dxc6 8.
O-O e5 9. f4 Nf6 10. f5 Bc5+ 11. Kh1 h5 12. a4 Ng4 13. Qe1 a5 14. Bd2 Qd6 15.
h3 Bd7 16. Nd1 Qc7 17. b3 Bd4 18. Ra2 Qb6 19. Bc4 Ke7 20. Rf3 Qc7 21. Nb2 b5
22. Bf1 Qb6 23. Nd1 b4 24. Bc4 Rad8 25. c3 bxc3 26. Bxc3 Bxc3 27. Rxc3 Bc8 28.
Rc1 Qd4 29. Re2 Qc5 30. Nb2 Nf6 31. Qg3 h4 32. Qxg7 Rh7 33. Qg5 Rh5 34. Qe3
Qxe3 35. Rxe3 Rd2 36. Re2 Rxb2 37. Rxb2 Nxe4 38. Be2 Rh6 39. Kg1 Ng3 40. Rc5
Kd6 41. Rxa5 Bxf5 42. Rd2+ Ke6 43. Bc4+ Kf6 44. Rd6+ Be6 45. Rxc6 Rh8 46. Raa6
Rd8 47. Rd6 Rb8 48. Bxe6 fxe6 49. Rxe6+ Kf5 50. Rab6 Rc8 51. Rec6 Re8 52. Kf2
Ne4+ 53. Ke3 Rg8 54. Rg6 Rc8 55. Rg4 Nc3 56. Rd6 1-0

[Event "21. Open Cappelle la Grande"]
[Site "Cappelle la Grande FRA"]
[Date "2005.02.15"]
[Round "5"]
[White "Kuzmicz, Krystian"]
[Black "Dzhumaev, Marat"]
[Result "1-0"]
[WhiteElo "2375"]
[BlackElo "2569"]
[PlyCount "64"]
[EventDate "2005.02.12"]
[EventType "swiss"]
[EventRounds "9"]
[EventCountry "FRA"]
[Source "lmi"]
[SourceDate "2005.02.18"]

1. g3 f5 2. Bg2 Nf6 3. f4 g6 4. Nf3 Bg7 5. O-O O-O 6. d3 c5 7. e4 d6 8. Re1 Nc6
9. c3 e5 10. exf5 Bxf5 11. Qb3+ Kh8 12. Qxb7 Na5 13. Qa6 Bc8 14. Qb5 exf4 15.
Bxf4 Bb7 16. Nbd2 Bc6 17. Qa6 Nd5 18. Bg5 Qc7 19. Nc4 Nxc4 20. dxc4 Nxc3 21.
Nh4 Bxg2 22. Nxg2 Qf7 23. bxc3 Qf2+ 24. Kh1 Bxc3 25. Be3 Qf3 26. Qxd6 Rad8 27.
Qxc5 Kg8 28. Rac1 Bxe1 29. Rxe1 a6 30. Qb6 Rd3 31. Qe6+ Rf7 32. Bh6 Rd8 1-0

[Event "21. Open Cappelle la Grande"]
[Site "Cappelle la Grande FRA"]
[Date "2005.02.15"]
[Round "5"]
[White "Marcelin, Cyril"]
[Black "Chesnel, Roger"]
[Result "1-0"]
[WhiteElo "2464"]
[BlackElo "2052"]
[PlyCount "89"]
[EventDate "2005.02.12"]
[EventType "swiss"]
[EventRounds "9"]
[EventCountry "FRA"]
[Source "lmi"]
[SourceDate "2005.02.18"]

1. d4 Nf6 2. c4 g6 3. Nc3 Bg7 4. e4 d6 5. Bg5 O-O 6. Qd2 Na6 7. Bd3 c6 8. Nge2
Nc7 9. f3 a6 10. a4 b6 11. g4 c5 12. d5 Nd7 13. Ng3 Ne5 14. Be2 Bd7 15. h3 f6
16. Be3 b5 17. f4 Nxc4 18. Bxc4 bxc4 19. f5 Rb8 20. h4 Rf7 21. Qc2 Qe8 22. Nge2
g5 23. hxg5 fxg5 24. Bxg5 Rb3 25. Bc1 a5 26. Nf4 Na6 27. g5 Be5 28. g6 Nb4 29.
gxf7+ Qxf7 30. Qg2+ Kf8 31. Ne6+ Ke8 32. Kd1 Nd3 33. Ra2 Bd4 34. Rh2 Nf2+ 35.
Kc2 Nd3 36. Kd1 Nf2+ 37. Ke2 Nd3 38. Be3 Nb4 39. Bxd4 cxd4 40. Nxd4 Nxa2 41.
Nxb3 Nxc3+ 42. bxc3 cxb3 43. Kd2 Bxa4 44. Kc1 Kd7 45. Qg1 1-0

[Event "21. Open Cappelle la Grande"]
[Site "Cappelle la Grande FRA"]
[Date "2005.02.15"]
[Round "5"]
[White "Mohandesi, Shahin"]
[Black "Abergel, Thal"]
[Result "0-1"]
[WhiteElo "2332"]
[BlackElo "2443"]
[PlyCount "80"]
[EventDate "2005.02.12"]
[EventType "swiss"]
[EventRounds "9"]
[EventCountry "FRA"]
[Source "lmi"]
[SourceDate "2005.02.18"]

1. d4 Nf6 2. Nf3 c5 3. c3 d5 4. Bg5 Qb6 5. Qb3 Nc6 6. dxc5 Qxc5 7. Nbd2 e5 8.
Bxf6 gxf6 9. e4 Be6 10. exd5 Bxd5 11. Bc4 O-O-O 12. Bxd5 Qxd5 13. Qxd5 Rxd5 14.
Nh4 e4 15. f4 f5 16. g3 Bc5 17. O-O-O Rhd8 18. Nb3 Be3+ 19. Kc2 Ne7 20. Rxd5
Rxd5 21. Rf1 b5 22. Ng2 Bb6 23. Nd2 Rd3 24. Re1 h5 25. Re2 Nd5 26. a3 Ne3+ 27.
Nxe3 Rxe3 28. Rxe3 Bxe3 29. Nf1 Bg1 30. Kd2 Kc7 31. Ke2 Kc6 32. h3 a5 33. Nd2
Kd5 34. b3 a4 35. c4+ bxc4 36. bxc4+ Kd4 37. c5 Kxc5 38. g4 hxg4 39. hxg4 Kd4
40. gxf5 Be3 0-1

[Event "21. Open Cappelle la Grande"]
[Site "Cappelle la Grande FRA"]
[Date "2005.02.15"]
[Round "5"]
[White "Olszewski, Michal"]
[Black "Van der Weide, Karel"]
[Result "1-0"]
[WhiteElo "2339"]
[BlackElo "2490"]
[PlyCount "71"]
[EventDate "2005.02.12"]
[EventType "swiss"]
[EventRounds "9"]
[EventCountry "FRA"]
[Source "lmi"]
[SourceDate "2005.02.18"]

1. e4 c5 2. c3 Nf6 3. e5 Nd5 4. d4 cxd4 5. Nf3 e6 6. cxd4 b6 7. Nc3 Nxc3 8.
bxc3 Qc7 9. Bd2 Bb7 10. Bd3 d6 11. O-O Nd7 12. Ng5 dxe5 13. Qh5 g6 14. Qh3 Be7
15. Rae1 Rc8 16. f4 Bxg5 17. fxg5 O-O 18. Qh6 exd4 19. cxd4 Qd6 20. Rf4 f5 21.
gxf6 Rxf6 22. Rg4 e5 23. Qe3 Qe6 24. Qg3 e4 25. Bxe4 Bxe4 26. Rgxe4 Qxa2 27.
Bh6 Qd5 28. Qa3 g5 29. Re8+ Rxe8 30. Rxe8+ Kf7 31. Qe7+ Kg6 32. Qg7+ Kh5 33.
Re3 Rg6 34. Qxh7 Nf6 35. g4+ Nxg4 36. Rh3# 1-0

[Event "21. Open Cappelle la Grande"]
[Site "Cappelle la Grande FRA"]
[Date "2005.02.15"]
[Round "5"]
[White "Predojevic, Borki"]
[Black "Laurent, Bruno"]
[Result "1-0"]
[WhiteElo "2546"]
[BlackElo "2348"]
[PlyCount "91"]
[EventDate "2005.02.12"]
[EventType "swiss"]
[EventRounds "9"]
[EventCountry "FRA"]
[Source "lmi"]
[SourceDate "2005.02.18"]

1. e4 e6 2. d4 d5 3. Nc3 Bb4 4. exd5 exd5 5. Bd3 Nc6 6. a3 Bxc3+ 7. bxc3 Nge7
8. Qf3 O-O 9. Ne2 Be6 10. Ng3 Qd7 11. h3 Rae8 12. O-O Na5 13. a4 Nc4 14. Bxc4
dxc4 15. Ba3 Bd5 16. Qh5 Rd8 17. Rfe1 Rfe8 18. Bxe7 Rxe7 19. Rxe7 Qxe7 20. Nf5
Qf6 21. Ne3 c6 22. a5 Qg6 23. Qxg6 hxg6 24. Rb1 Rd7 25. Rb4 Rc7 26. Ra4 Be6 27.
Nxc4 c5 28. Ne3 Bf5 29. Ra2 b5 30. axb6 axb6 31. Rb2 b5 32. Rxb5 cxd4 33. Nxf5
gxf5 34. cxd4 Rxc2 35. Rxf5 Rd2 36. Rf4 f6 37. Kf1 Kf7 38. h4 g6 39. Re4 f5 40.
Ke1 Ra2 41. Re2 Ra4 42. Rd2 Ke6 43. Ke2 Kd5 44. Ke3 Rb4 45. Kf4 Kc4 46. Ke5 1-0

[Event "21. Open Cappelle la Grande"]
[Site "Cappelle la Grande FRA"]
[Date "2005.02.15"]
[Round "5"]
[White "Riff, Jean Noel"]
[Black "Ruckschloss, Karol"]
[Result "1-0"]
[WhiteElo "2435"]
[BlackElo "2293"]
[PlyCount "45"]
[EventDate "2005.02.12"]
[EventType "swiss"]
[EventRounds "9"]
[EventCountry "FRA"]
[Source "lmi"]
[SourceDate "2005.02.18"]

1. e4 e6 2. d3 d5 3. Qe2 d4 4. Nf3 c5 5. g3 Nc6 6. e5 Nge7 7. Bg2 Nf5 8. Nbd2
Qc7 9. Ne4 h5 10. Bf4 Nb4 11. c4 dxc3 12. bxc3 Nd5 13. Bd2 Bd7 14. O-O O-O-O
15. c4 Nde7 16. Nd6+ Nxd6 17. exd6 Qxd6 18. Bf4 Qb6 19. Rab1 Qa5 20. Ne5 Nc6
21. Nxf7 Be7 22. Nxh8 Rxh8 23. Qb2 1-0

[Event "21. Open Cappelle la Grande"]
[Site "Cappelle la Grande FRA"]
[Date "2005.02.15"]
[Round "5"]
[White "Shengelia, Davit"]
[Black "Calistri, Tristan"]
[Result "1-0"]
[WhiteElo "2482"]
[BlackElo "2335"]
[PlyCount "77"]
[EventDate "2005.02.12"]
[EventType "swiss"]
[EventRounds "9"]
[EventCountry "FRA"]
[Source "lmi"]
[SourceDate "2005.02.18"]

1. d4 Nf6 2. Nf3 g6 3. c4 Bg7 4. Nc3 O-O 5. e4 d6 6. Be2 e5 7. O-O Nc6 8. d5
Ne7 9. Be3 Ng4 10. Bg5 f6 11. Bd2 f5 12. exf5 gxf5 13. Nh4 Nf6 14. f4 e4 15.
Be3 c5 16. a3 Bd7 17. Qd2 a6 18. b4 b6 19. Rab1 Qc7 20. Rb3 Rfb8 21. Rfb1 Ne8
22. Bf2 Qd8 23. Nd1 Ng6 24. Nxg6 hxg6 25. Rg3 Kf7 26. Rbb3 Ba4 27. Rb1 Bd7 28.
h4 Nf6 29. Rbb3 Qc7 30. h5 gxh5 31. Rxg7+ Kxg7 32. Qb2 Ba4 33. Rg3+ Kf7 34. Rg5
Rf8 35. Bh4 Bxd1 36. Bxd1 Qd7 37. Qxf6+ Kxf6 38. Bxh5 Ke7 39. Rg7# 1-0

[Event "21. Open Cappelle la Grande"]
[Site "Cappelle la Grande FRA"]
[Date "2005.02.15"]
[Round "5"]
[White "Simon, Olivier"]
[Black "Siebrecht, Sebastian"]
[Result "0-1"]
[WhiteElo "2289"]
[BlackElo "2408"]
[PlyCount "52"]
[EventDate "2005.02.12"]
[EventType "swiss"]
[EventRounds "9"]
[EventCountry "FRA"]
[Source "lmi"]
[SourceDate "2005.02.18"]

1. e4 c5 2. Nf3 e6 3. b3 b6 4. d4 cxd4 5. Nxd4 a6 6. Bd3 Bb7 7. O-O d6 8. Bb2
Nf6 9. Qe2 Nbd7 10. f4 Nc5 11. Nd2 Nxd3 12. cxd3 Be7 13. Rae1 O-O 14. g4 Nd7
15. g5 g6 16. h4 e5 17. N4f3 exf4 18. d4 Rc8 19. Qd3 f6 20. Re2 fxg5 21. hxg5
Bxg5 22. e5 dxe5 23. Rg2 Bf6 24. Ne4 Nc5 25. Nxf6+ Rxf6 26. Qb1 Bxf3 0-1

[Event "21. Open Cappelle la Grande"]
[Site "Cappelle la Grande FRA"]
[Date "2005.02.15"]
[Round "5"]
[White "Smolen, Jan"]
[Black "Palo, Davor"]
[Result "0-1"]
[WhiteElo "2356"]
[BlackElo "2541"]
[PlyCount "68"]
[EventDate "2005.02.12"]
[EventType "swiss"]
[EventRounds "9"]
[EventCountry "FRA"]
[Source "lmi"]
[SourceDate "2005.02.18"]

1. e4 c6 2. d4 d5 3. exd5 cxd5 4. c4 Nf6 5. Nc3 e6 6. Nf3 Bb4 7. Bd3 O-O 8. O-O
dxc4 9. Bxc4 a6 10. a3 Be7 11. Qe2 b5 12. Ba2 Bb7 13. Rd1 Nd5 14. Ne4 Nd7 15.
Neg5 Bxg5 16. Bxg5 Qb6 17. Ne5 Nxe5 18. dxe5 Rfc8 19. Rd3 b4 20. a4 h6 21. Bd2
Rc2 22. Qg4 Rxb2 23. Bxd5 Bxd5 24. Be3 Qc7 25. Bxh6 Qxe5 26. Rg3 g6 27. Rf1 Rc8
28. Qh4 Ra2 29. h3 b3 30. Bg5 Ra1 31. Bf6 Rxf1+ 32. Kh2 Qxf6 33. Qxf6 Rc2 34.
h4 b2 0-1

[Event "21. Open Cappelle la Grande"]
[Site "Cappelle la Grande FRA"]
[Date "2005.02.15"]
[Round "5"]
[White "Spoelman, Wouter"]
[Black "Kazhgaleyev, Murtas"]
[Result "0-1"]
[WhiteElo "2381"]
[BlackElo "2613"]
[PlyCount "72"]
[EventDate "2005.02.12"]
[EventType "swiss"]
[EventRounds "9"]
[EventCountry "FRA"]
[Source "lmi"]
[SourceDate "2005.02.18"]

1. e4 c5 2. Nf3 d6 3. d4 cxd4 4. Nxd4 Nf6 5. Nc3 a6 6. Be3 e6 7. g4 h6 8. h3 b5
9. a3 Bb7 10. Bg2 Nbd7 11. Nb3 Qc7 12. Qe2 Be7 13. f4 Rc8 14. O-O-O Nb6 15. g5
Nfd7 16. g6 Nc4 17. gxf7+ Kxf7 18. Bd4 e5 19. fxe5 dxe5 20. Rhf1+ Nf6 21. Be3
Nxb2 22. Kxb2 Qxc3+ 23. Kb1 Rhd8 24. Bc1 Qc4 25. Qxc4+ bxc4 26. Na5 Rxd1 27.
Rxd1 Bxe4 28. Bxe4 Nxe4 29. Re1 Nc3+ 30. Ka1 Nb5 31. Re4 Nd6 32. Re3 Bg5 33.
Rf3+ Ke6 34. Bb2 Bd2 35. Bc3 Bxc3+ 36. Rxc3 Kd5 0-1

[Event "21. Open Cappelle la Grande"]
[Site "Cappelle la Grande FRA"]
[Date "2005.02.15"]
[Round "5"]
[White "Van Weersel, Arlette"]
[Black "Alexandrova, Olga"]
[Result "0-1"]
[WhiteElo "2174"]
[BlackElo "2400"]
[PlyCount "58"]
[EventDate "2005.02.12"]
[EventType "swiss"]
[EventRounds "9"]
[EventCountry "FRA"]
[Source "lmi"]
[SourceDate "2005.02.18"]

1. e4 c5 2. c4 Nc6 3. Ne2 Nf6 4. Nbc3 e6 5. d4 cxd4 6. Nxd4 Bb4 7. Nxc6 dxc6 8.
Qxd8+ Kxd8 9. Bd2 e5 10. O-O-O Ke7 11. Nd5+ Nxd5 12. cxd5 Bc5 13. dxc6 bxc6 14.
f3 Be6 15. b3 a5 16. Bc4 Bxc4 17. bxc4 Bd4 18. Kc2 Kd6 19. Rb1 Kc5 20. Rb7 Kxc4
21. Rxf7 Rab8 22. Bc1 Rb4 23. Rxg7 Rhb8 24. h4 Rb1 25. Rd1 Ra1 26. Rd2 Be3 27.
Rxh7 Rxa2+ 28. Kd1 Bxd2 29. Bxd2 Rd8 0-1

[Event "21. Open Cappelle la Grande"]
[Site "Cappelle la Grande FRA"]
[Date "2005.02.15"]
[Round "5"]
[White "Vozovic, Oksana"]
[Black "Groz, Jacky"]
[Result "1-0"]
[WhiteElo "2301"]
[BlackElo "2081"]
[PlyCount "35"]
[EventDate "2005.02.12"]
[EventType "swiss"]
[EventRounds "9"]
[EventCountry "FRA"]
[Source "lmi"]
[SourceDate "2005.02.18"]

1. e4 c5 2. Nf3 a6 3. d4 cxd4 4. Nxd4 Nf6 5. Nc3 e5 6. Nf3 Bb4 7. Bc4 Qc7 8.
Bb3 O-O 9. O-O Bxc3 10. bxc3 Nxe4 11. Qe1 Nc5 12. Qxe5 d6 13. Qg3 Ne4 14. Qf4
Nxc3 15. Re1 Nc6 16. Bb2 Ne5 17. Nxe5 dxe5 18. Qg3 1-0

[Event "21. Open Cappelle la Grande"]
[Site "Cappelle la Grande FRA"]
[Date "2005.02.15"]
[Round "5"]
[White "Wang Yu1"]
[Black "Skatchkov, Pavel"]
[Result "1/2-1/2"]
[WhiteElo "2390"]
[BlackElo "2483"]
[PlyCount "26"]
[EventDate "2005.02.12"]
[EventType "swiss"]
[EventRounds "9"]
[EventCountry "FRA"]
[Source "lmi"]
[SourceDate "2005.02.18"]

1. e4 e5 2. Nf3 Nf6 3. Nc3 Nc6 4. d4 exd4 5. Nxd4 Bb4 6. Nxc6 bxc6 7. Bd3 d5 8.
exd5 cxd5 9. O-O O-O 10. Bg5 c6 11. Qf3 h6 12. Bxf6 Qxf6 13. Qxf6 gxf6 1/2-1/2

[Event "21. Open Cappelle la Grande"]
[Site "Cappelle la Grande FRA"]
[Date "2005.02.16"]
[Round "6"]
[White "Borsuk, Angela"]
[Black "Szylar, Eric"]
[Result "1-0"]
[WhiteElo "2335"]
[BlackElo "2103"]
[PlyCount "57"]
[EventDate "2005.02.12"]
[EventType "swiss"]
[EventRounds "9"]
[EventCountry "FRA"]
[Source "lmi"]
[SourceDate "2005.02.18"]

1. d4 Nf6 2. c4 g6 3. Nc3 d5 4. Nf3 Bg7 5. Bg5 Ne4 6. cxd5 Nxc3 7. bxc3 Qxd5 8.
e3 c5 9. Bb5+ Bd7 10. c4 Qd6 11. Bf4 Qb6 12. Rb1 Qa5+ 13. Nd2 cxd4 14. exd4
Bxd4 15. Bxb8 Bxf2+ 16. Kxf2 Qb6+ 17. Kf1 Bxb5 18. Rxb5 Qf6+ 19. Qf3 Qxf3+ 20.
Nxf3 Rxb8 21. Kf2 b6 22. c5 Kd7 23. Ne5+ Kc7 24. Rc1 Kb7 25. c6+ Kc7 26. Rd5 f6
27. Rd7+ Kc8 28. Nf7 Re8 29. Rxa7 1-0

[Event "21. Open Cappelle la Grande"]
[Site "Cappelle la Grande FRA"]
[Date "2005.02.16"]
[Round "6"]
[White "Briet, Guillaume"]
[Black "Rendle, Thomas"]
[Result "0-1"]
[WhiteElo "2143"]
[BlackElo "2370"]
[PlyCount "102"]
[EventDate "2005.02.12"]
[EventType "swiss"]
[EventRounds "9"]
[EventCountry "FRA"]
[Source "lmi"]
[SourceDate "2005.02.18"]

1. e4 e6 2. d4 d5 3. Nc3 Bb4 4. e5 c5 5. a3 Ba5 6. b4 cxd4 7. Nb5 Bc7 8. f4 Bd7
9. Nxc7+ Qxc7 10. Nf3 Nh6 11. Bd3 a6 12. O-O Bb5 13. Bxb5+ axb5 14. Bb2 Nf5 15.
Bxd4 h5 16. Qd3 Qc4 17. Qxc4 bxc4 18. a4 Nc6 19. c3 Nfxd4 20. Nxd4 Nxd4 21.
cxd4 Kd7 22. Kf2 Rhc8 23. Ke3 c3 24. Kd3 Rc4 25. a5 Kc6 26. Rfc1 Kb5 27. Rxc3
Rxc3+ 28. Kxc3 Rc8+ 29. Kd3 Rc4 30. f5 exf5 31. Rf1 g6 32. Re1 Rxb4 33. e6 fxe6
34. Rxe6 Rb3+ 35. Kc2 Kc4 36. a6 Rb5 37. Rxg6 bxa6 38. Rxa6 Kxd4 39. Rh6 Ke3
40. Rxh5 d4 41. Rh3+ Ke2 42. Rh8 d3+ 43. Kc3 Rc5+ 44. Kd4 d2 45. Kxc5 d1=Q 46.
Rh3 Qg1+ 47. Kc4 Qxg2 48. Rc3 Qe4+ 49. Kb3 Qb1+ 50. Kc4 f4 51. Kd4 Qb2 0-1

[Event "21. Open Cappelle la Grande"]
[Site "Cappelle la Grande FRA"]
[Date "2005.02.16"]
[Round "6"]
[White "Cappon, John"]
[Black "Shaw, John"]
[Result "0-1"]
[WhiteElo "2186"]
[BlackElo "2445"]
[PlyCount "100"]
[EventDate "2005.02.12"]
[EventType "swiss"]
[EventRounds "9"]
[EventCountry "FRA"]
[Source "lmi"]
[SourceDate "2005.02.18"]

1. e4 c5 2. Nf3 Nc6 3. d4 cxd4 4. Nxd4 Nf6 5. Nc3 e5 6. Ndb5 h6 7. Nd6+ Bxd6 8.
Qxd6 Qe7 9. Qd2 O-O 10. Nd5 Nxd5 11. exd5 Nd4 12. c3 Nf5 13. Bc4 d6 14. O-O Nh4
15. Qe2 f5 16. f4 Kh7 17. Be3 Bd7 18. Qf2 Ng6 19. Rae1 Rac8 20. Qe2 exf4 21.
Bd4 Qg5 22. Bd3 Rce8 23. Qf2 a6 24. c4 Ne5 25. Bxe5 dxe5 26. Be2 Qf6 27. Qa7
Bc8 28. b4 Re7 29. Qf2 Rd8 30. Rd1 Red7 31. Rd2 b6 32. Rfd1 Bb7 33. a4 g5 34.
a5 bxa5 35. bxa5 g4 36. Qb6 Qg5 37. c5 f3 38. c6 fxe2 39. Rxe2 Bxc6 40. Qxc6
Rd6 41. Qc4 e4 42. Qc5 Qf6 43. Re3 Rxd5 44. Rxd5 Qa1+ 45. Kf2 Qa2+ 46. Kg3 Qxd5
47. Qe7+ Kg6 48. h3 Rd7 49. Qe8+ Kg7 50. hxg4 f4+ 0-1